Multiple Choice City Quiz – Riyadh - Statistics

General Stats
  • This quiz has been taken 138 times
  • The average score is 5 of 10
Answer Stats
Question Answer % Correct
Which of these images depicts Riyadh?
76%
Riyadh hosted / will host which World Expo? Expo 2030
76%
Riyadh is home to the largest All-Female University in the World, what's it called? Princess Nora bint Abdul Rahman University
73%
What was dismantled in the 1950s, allowing Riyadh to expand? the City Walls
69%
Who coordinated two bombings in Riyadh in 2003? Al-Qaeda
61%
What building did the first king of Saudi Arabia, Abdulaziz ibn Saud, live in? Murabba Palace
45%
What Wadi (seasonal river) cuts through Riyadh? Hanifa
38%
Which of these world records does Riyadh hold? Longest driverless metro
33%
What does the word Riyadh mean? Gardens
26%
What is Riyadh's tallest building? Public Investment Fund Tower
17%
No matching quizzes found
Score Distribution
Percent of People with Each Score
Percentile by Number Answered
Your Score History
You have not taken this quiz